000 01373naa a2200241 4500
005 20110801111244.0
010 _aB-423760-762
020 _a9780415424158
_c795.00
035 _aB-423760-762
037 _bAllied Publishers
082 _a306.7640954
100 1 _aSrivastava, Sanjay
_932497
245 1 _cby Sanjay Srivastava
_aPassionate modernity:
_bsexuality, class, and consumption in India /
260 _aNew Delhi
_bRoutledge
_c2007
270 _a512 Mercantile House, 15 Kasturba Gandhi Marg,
_bNew Delhi
_e110 001
300 _aviii, 397p.
_c24cm(Hb )
500 _aIncludes bibliographical references & index
942 _adpl
_cEN
_2ddc
_h795.00
_mSRI
999 _c54587
_d54587